[Event "NB2 Szechenyi csoport"]
[Site "Sarvar"]
[Date "2024.12.01"]
[Round "3.6"]
[White "Zsiros, Gyorgy"]
[Black "Horvath, Reka"]
[Result "0-1"]
[WhiteElo "1994"]
[BlackElo "2002"]
[PlyCount "44"]
[GameId "2120088823566590"]
[EventDate "2024.11.03"]
[EventType "team-tourn"]
[EventRounds "11"]
[EventCountry "HUN"]
[Source "chess.hu"]
[WhiteTeam "Sarvari Sakk Club SE"]
[BlackTeam "Haladas VSE"]
[WhiteTeamCountry "HUN"]
[BlackTeamCountry "HUN"]

1. b3 e5 2. Bb2 Nc6 3. e3 Bd6 4. Bb5 Nge7 5. Na3 a6 6. Bxc6 dxc6 7. Nc4 Ng6 8. Qh5 Qe7 9. Nf3 f6 10. d4 e4 11. Nh4 Qf7 12. Nf5 Bxf5 13. Qxf5 Qd5 14. Qg4 f5 15. Qh5 O-O-O 16. Nd2 Kb8 17. c4 Qa5 18. Ke2 Bb4 19. Rhd1 c5 20. Qxf5 Rhf8 21. Qh5 Bxd2 22. Rxd2 Rxf2+ 0-1

[Event "NB2 Szechenyi csoport"]
[Site "Sarvar"]
[Date "2024.12.01"]
[Round "3.7"]
[White "Toth, Tibor"]
[Black "Szep, Milan"]
[Result "1/2-1/2"]
[WhiteElo "2001"]
[BlackElo "1987"]
[PlyCount "25"]
[GameId "2120088860856590"]
[EventDate "2024.11.03"]
[EventType "team-tourn"]
[EventRounds "11"]
[EventCountry "HUN"]
[Source "chess.hu"]
[WhiteTeam "Haladas VSE"]
[BlackTeam "Sarvari Sakk Club SE"]
[WhiteTeamCountry "HUN"]
[BlackTeamCountry "HUN"]

1. d4 d5 2. Nc3 Nf6 3. Bf4 e6 4. Nb5 Bd6 5. Nxd6+ cxd6 6. e3 O-O 7. h3 Nc6 8. Nf3 Ne4 9. c3 f5 10. h4 Re8 11. Bb5 Bd7 12. Ng5 Nf6 13. Bxd6 1/2-1/2

[Event "NB2 Szechenyi csoport"]
[Site "Sarvar"]
[Date "2024.12.01"]
[Round "3.8"]
[White "Szokolszky, Miklos"]
[Black "Hajdu, Istvan"]
[Result "1/2-1/2"]
[WhiteElo "1954"]
[BlackElo "1826"]
[PlyCount "35"]
[GameId "2120088897462560"]
[EventDate "2024.11.03"]
[EventType "team-tourn"]
[EventRounds "11"]
[EventCountry "HUN"]
[Source "chess.hu"]
[WhiteTeam "Sarvari Sakk Club SE"]
[BlackTeam "Haladas VSE"]
[WhiteTeamCountry "HUN"]
[BlackTeamCountry "HUN"]

1. e4 c6 2. d4 d5 3. e5 Bf5 4. Bd3 Bxd3 5. Qxd3 e6 6. Nf3 Nd7 7. c3 c5 8. Ng5 cxd4 9. cxd4 Bb4+ 10. Nc3 Ne7 11. Nxh7 f6 12. exf6 gxf6 13. Qh3 Kf7 14. Qh5+ Ng6 15. f4 Qg8 16. f5 Rxh7 17. fxg6+ Qxg6 18. Qxg6+ 1/2-1/2

[Event "NB2 Szechenyi csoport"]
[Site "Sarvar"]
[Date "2024.12.01"]
[Round "3.9"]
[White "Olah, Jozsef"]
[Black "Salamon, Joachim"]
[Result "1/2-1/2"]
[WhiteElo "1822"]
[BlackElo "1913"]
[PlyCount "42"]
[GameId "2120088935706928"]
[EventDate "2024.11.03"]
[EventType "team-tourn"]
[EventRounds "11"]
[EventCountry "HUN"]
[Source "chess.hu"]
[WhiteTeam "Haladas VSE"]
[BlackTeam "Sarvari Sakk Club SE"]
[WhiteTeamCountry "HUN"]
[BlackTeamCountry "HUN"]

1. d4 d5 2. Bf4 Nf6 3. Nf3 e6 4. e3 Bd6 5. Bg3 O-O 6. Nbd2 c5 7. c3 Nc6 8. Bd3 Re8 9. Ne5 Be7 10. Bb5 Bd7 11. Nxd7 Qxd7 12. Nf3 a6 13. Ne5 Qc8 14. Bd3 g6 15. O-O Nxe5 16. Bxe5 Nd7 17. Bf4 c4 18. Bc2 b5 19. e4 Qc6 20. Qf3 Nb6 21. Rfe1 Bd6 1/2-1/2

[Event "NB2 Szechenyi csoport"]
[Site "Sarvar"]
[Date "2024.12.01"]
[Round "3.10"]
[White "Molnar, Monika"]
[Black "Petroczy, Zoltan"]
[Result "1/2-1/2"]
[WhiteElo "1838"]
[BlackElo "1833"]
[PlyCount "34"]
[GameId "2120088973250880"]
[EventDate "2024.11.03"]
[EventType "team-tourn"]
[EventRounds "11"]
[EventCountry "HUN"]
[Source "chess.hu"]
[WhiteTeam "Sarvari Sakk Club SE"]
[BlackTeam "Haladas VSE"]
[WhiteTeamCountry "HUN"]
[BlackTeamCountry "HUN"]

1. e4 d5 2. exd5 Nf6 3. Nc3 Nxd5 4. Nxd5 Qxd5 5. d4 Nc6 6. c3 e5 7. Be3 exd4 8. Nf3 Be6 9. Nxd4 Nxd4 10. Qxd4 a6 11. Qxd5 Bxd5 12. O-O-O Bxa2 13. Bf4 c6 14. Re1+ Be6 15. Bc4 O-O-O 16. Bxe6+ fxe6 17. Rxe6 Bc5 1/2-1/2

[Event "NB2 Szechenyi csoport"]
[Site "Sarvar"]
[Date "2024.12.01"]
[Round "3.11"]
[White "Borhy, Gyorgy Szilard"]
[Black "Papp, Csongor"]
[Result "0-1"]
[WhiteElo "1699"]
[BlackElo "1771"]
[PlyCount "58"]
[GameId "2120089022271824"]
[EventDate "2024.11.03"]
[EventType "team-tourn"]
[EventRounds "11"]
[EventCountry "HUN"]
[Source "chess.hu"]
[WhiteTeam "Haladas VSE"]
[BlackTeam "Sarvari Sakk Club SE"]
[WhiteTeamCountry "HUN"]
[BlackTeamCountry "HUN"]

1. d4 Nf6 2. c4 g6 3. Nf3 Bg7 4. g3 d6 5. Bg2 O-O 6. O-O Nc6 7. Nc3 e5 8. dxe5 Nxe5 9. Nxe5 dxe5 10. Bg5 b6 11. Bxf6 Qxf6 12. Qb3 c6 13. Rad1 Qe7 14. Qc2 Be6 15. b3 f5 16. e4 f4 17. Rd3 h5 18. Rfd1 h4 19. Qe2 Qg5 20. Na4 Rac8 21. Qd2 Bh6 22. Qe2 Rf7 23. h3 fxg3 24. fxg3 hxg3 25. Qe1 Rf2 26. Qc3 Qh5 27. Rd6 Rxg2+ 28. Kxg2 Qe2+ 29. Kxg3 Bf4+ 0-1

[Event "NB2 Szechenyi csoport"]
[Site "Sarvar"]
[Date "2024.12.01"]
[Round "3.12"]
[White "Andras, Ferenc"]
[Black "Bolla, Zsofia"]
[Result "1-0"]
[WhiteElo "1553"]
[BlackElo "1650"]
[PlyCount "111"]
[GameId "2120089057583456"]
[EventDate "2024.11.03"]
[EventType "team-tourn"]
[EventRounds "11"]
[EventCountry "HUN"]
[Source "chess.hu"]
[WhiteTeam "Sarvari Sakk Club SE"]
[BlackTeam "Haladas VSE"]
[WhiteTeamCountry "HUN"]
[BlackTeamCountry "HUN"]

1. e4 e5 2. Nf3 Nc6 3. Bc4 Bc5 4. Nc3 Nf6 5. d3 h6 6. O-O g5 7. Qe2 d6 8. Be3 Bb6 9. Bxb6 axb6 10. Rad1 Bg4 11. Bb5 Bd7 12. d4 g4 13. Bxc6 Bxc6 14. Nh4 Nxe4 15. Nxe4 Qxh4 16. dxe5 dxe5 17. Ng3 Qg5 18. a3 h5 19. Ne4 Qf5 20. Ng3 Qf4 21. Rfe1 f6 22. Qd3 Kf7 23. Qb3+ Kg7 24. Qe6 Kg6 25. Rd3 Rhe8 26. Qb3 Rad8 27. Rde3 Rd2 28. R3e2 Rxe2 29. Rxe2 Rd8 30. Re1 h4 31. Nf1 h3 32. gxh3 Rh8 33. h4 Bf3 34. Ng3 Rd8 35. h5+ Kg5 36. Qf7 Bd5 37. Qg6+ Kh4 38. h6 Qg5 39. Nf5+ Kh3 40. Qxg5 fxg5 41. Rd1 Rf8 42. Rxd5 Rxf5 43. h7 Rf8 44. Rxe5 Kh4 45. Re2 c5 46. Re6 Kh5 47. Rxb6 Rh8 48. Rxb7 Kg6 49. a4 Kf5 50. a5 Ke4 51. Kg2 Kd5 52. a6 Kc6 53. Rg7 Kb6 54. a7 c4 55. a8=Q Rxa8 56. Rg8 1-0

[Event "NB2 Szechenyi csoport"]
[Site "Szombathely"]
[Date "2024.12.01"]
[Round "3.1"]
[White "Margl, Roland"]
[Black "Kiss, Balint"]
[Result "1/2-1/2"]
[WhiteElo "2272"]
[BlackElo "2220"]
[PlyCount "23"]
[GameId "2120089274761736"]
[EventDate "2024.11.03"]
[EventType "team-tourn"]
[EventRounds "11"]
[EventCountry "HUN"]
[Source "chess.hu"]
[WhiteTeam "Szechenyi ESE Gyor"]
[BlackTeam "Arboretum Hereny SE"]
[WhiteTeamCountry "HUN"]
[BlackTeamCountry "HUN"]

1. Nf3 d5 2. d4 Nf6 3. c4 e6 4. g3 Be7 5. Bg2 O-O 6. O-O dxc4 7. Qc2 c6 8. Qxc4 b5 9. Qc2 Bb7 10. Bg5 Nbd7 11. Bxf6 gxf6 12. Nc3 1/2-1/2

[Event "NB2 Szechenyi csoport"]
[Site "Szombathely"]
[Date "2024.12.01"]
[Round "3.2"]
[White "Takacs, Karoly"]
[Black "Gyurkovics, Bence Dr."]
[Result "0-1"]
[WhiteElo "1937"]
[BlackElo "2268"]
[PlyCount "52"]
[GameId "2120089319490078"]
[EventDate "2024.11.03"]
[EventType "team-tourn"]
[EventRounds "11"]
[EventCountry "HUN"]
[Source "chess.hu"]
[WhiteTeam "Arboretum Hereny SE"]
[BlackTeam "Szechenyi ESE Gyor"]
[WhiteTeamCountry "HUN"]
[BlackTeamCountry "HUN"]

1. d4 Nf6 2. c4 e6 3. Nc3 Bb4 4. Nf3 c5 5. e3 O-O 6. Be2 b6 7. O-O Bxc3 8. bxc3 Nc6 9. a4 Ba6 10. Ba3 d6 11. Qc2 Na5 12. Nd2 Rc8 13. Rac1 d5 14. dxc5 bxc5 15. Rfd1 Qe7 16. e4 dxc4 17. e5 Nd7 18. f4 Nb3 19. Nxb3 cxb3 20. Qd2 Bxe2 21. Qxd7 Qh4 22. g3 Qg4 23. Re1 Rfd8 24. Qxa7 Rd2 25. Bxc5 Bf3 26. Be3 Qh3 0-1

[Event "NB2 Szechenyi csoport"]
[Site "Szombathely"]
[Date "2024.12.01"]
[Round "3.3"]
[White "Papp, Gabor Dr."]
[Black "Finy, Mark"]
[Result "1/2-1/2"]
[WhiteElo "1980"]
[BlackElo "1976"]
[PlyCount "34"]
[GameId "2120089358172718"]
[EventDate "2024.11.03"]
[EventType "team-tourn"]
[EventRounds "11"]
[EventCountry "HUN"]
[Source "chess.hu"]
[WhiteTeam "Szechenyi ESE Gyor"]
[BlackTeam "Arboretum Hereny SE"]
[WhiteTeamCountry "HUN"]
[BlackTeamCountry "HUN"]

1. d4 d5 2. Nf3 Nf6 3. c4 c6 4. e3 e6 5. Nc3 Nbd7 6. Be2 dxc4 7. Bxc4 Be7 8. O-O O-O 9. a3 c5 10. dxc5 Nxc5 11. b4 Qxd1 12. Rxd1 Nce4 13. Nxe4 Nxe4 14. Bb2 Nd6 15. Bb3 Rd8 16. Rac1 Bd7 17. Be5 Rac8 1/2-1/2

[Event "NB2 Szechenyi csoport"]
[Site "Szombathely"]
[Date "2024.12.01"]
[Round "3.4"]
[White "Ori, Tamas"]
[Black "Molnar, Gabor"]
[Result "0-1"]
[WhiteElo "1925"]
[BlackElo "1957"]
[PlyCount "68"]
[GameId "2120089390764606"]
[EventDate "2024.11.03"]
[EventType "team-tourn"]
[EventRounds "11"]
[EventCountry "HUN"]
[Source "chess.hu"]
[WhiteTeam "Arboretum Hereny SE"]
[BlackTeam "Szechenyi ESE Gyor"]
[WhiteTeamCountry "HUN"]
[BlackTeamCountry "HUN"]

1. e4 e6 2. d4 d5 3. e5 c5 4. c3 Nc6 5. Nf3 Qb6 6. Bd3 cxd4 7. cxd4 Bd7 8. O-O Nxd4 9. Nxd4 Qxd4 10. Nc3 Qb6 11. a3 Ne7 12. Kh1 g6 13. Be3 Qd8 14. Bc5 a6 15. a4 Nc6 16. Bxf8 Kxf8 17. f4 h5 18. Qd2 Qb6 19. Rae1 Ne7 20. b4 Nf5 21. Bxf5 gxf5 22. a5 Qd8 23. Qf2 Rc8 24. Rc1 Rg8 25. Ne2 Rc4 26. Rxc4 dxc4 27. Qc5+ Qe7 28. Qxc4 Bc6 29. Rf2 h4 30. Nd4 Bd5 31. Qc3 h3 32. Qxh3 Qxb4 33. Nf3 Qxf4 34. Rc2 Bc6 0-1

[Event "NB2 Szechenyi csoport"]
[Site "Szombathely"]
[Date "2024.12.01"]
[Round "3.5"]
[White "Kocsis, Tihamer"]
[Black "Arany, Tamas"]
[Result "1-0"]
[WhiteElo "1949"]
[BlackElo "1896"]
[PlyCount "55"]
[GameId "2120089424056910"]
[EventDate "2024.11.03"]
[EventType "team-tourn"]
[EventRounds "11"]
[EventCountry "HUN"]
[Source "chess.hu"]
[WhiteTeam "Szechenyi ESE Gyor"]
[BlackTeam "Arboretum Hereny SE"]
[WhiteTeamCountry "HUN"]
[BlackTeamCountry "HUN"]

1. e4 e6 2. d4 d5 3. Bd3 Nf6 4. e5 Nfd7 5. c3 c5 6. Ne2 Nc6 7. a3 Qb6 8. b4 cxd4 9. cxd4 Nxd4 10. Be3 Nxe5 11. Bxd4 Nxd3+ 12. Qxd3 Qc7 13. Nd2 Bd7 14. Rc1 Qd8 15. O-O a6 16. Rfe1 f6 17. Ng3 Be7 18. Nb3 b6 19. Qe3 Rb8 20. Bb2 O-O 21. Nd4 e5 22. Nc6 Bxc6 23. Rxc6 Qd7 24. Rxb6 d4 25. Qb3+ Kh8 26. Qe6 Qa7 27. Rxa6 Qb7 28. Qc6 1-0

[Event "NB2 Szechenyi csoport"]
[Site "Szombathely"]
[Date "2024.12.01"]
[Round "3.6"]
[White "Foki, Robert"]
[Black "Horvath, Zoltan"]
[Result "0-1"]
[WhiteElo "1749"]
[BlackElo "1926"]
[PlyCount "98"]
[GameId "2120089460675166"]
[EventDate "2024.11.03"]
[EventType "team-tourn"]
[EventRounds "11"]
[EventCountry "HUN"]
[Source "chess.hu"]
[WhiteTeam "Arboretum Hereny SE"]
[BlackTeam "Szechenyi ESE Gyor"]
[WhiteTeamCountry "HUN"]
[BlackTeamCountry "HUN"]

1. f4 Nc6 2. Nf3 Nf6 3. e3 d5 4. d3 e6 5. Be2 Bc5 6. O-O Bb6 7. Nc3 Qd6 8. Na4 O-O 9. Nxb6 axb6 10. b3 Qc5 11. Ne5 Nxe5 12. fxe5 Qc3 13. Qe1 Qxe5 14. c3 Ne8 15. d4 Qd6 16. a4 Qd7 17. Bd3 f5 18. Qh4 Nf6 19. Bd2 Ne4 20. Bxe4 dxe4 21. Rf2 c5 22. dxc5 bxc5 23. c4 Qd8 24. Qf4 Qf6 25. Rc1 g5 26. Qc7 Qb2 27. Qxc5 Rd8 28. Qb4 Rd3 29. Rcf1 Rxb3 30. Qe7 Qg7 31. Qd8+ Kf7 32. g4 Kg6 33. h4 Qf6 34. gxf5+ exf5 35. Qe8+ Qf7 36. Qe5 h6 37. hxg5 hxg5 38. Bc3 Ra6 39. Rh2 Qg8 40. Rh8 Qf7 41. Rd1 Be6 42. Rdd8 Rxa4 43. Rdf8 Rb1+ 44. Be1 Ra2 45. Qc3 Qg7 46. Rf6+ Qxf6 47. Rh6+ Kxh6 48. Qxf6+ Kh5 49. Kf1 Bxc4+ 0-1

[Event "NB2 Szechenyi csoport"]
[Site "Szombathely"]
[Date "2024.12.01"]
[Round "3.7"]
[White "Szabo - Thomka, Daniel"]
[Black "Gabor, Attila"]
[Result "1-0"]
[WhiteElo "1919"]
[BlackElo "1843"]
[PlyCount "101"]
[GameId "2120089506108126"]
[EventDate "2024.11.03"]
[EventType "team-tourn"]
[EventRounds "11"]
[EventCountry "HUN"]
[Source "chess.hu"]
[WhiteTeam "Szechenyi ESE Gyor"]
[BlackTeam "Arboretum Hereny SE"]
[WhiteTeamCountry "HUN"]
[BlackTeamCountry "HUN"]

1. e4 e5 2. Nf3 Nc6 3. Bb5 d6 4. h3 Bd7 5. O-O Nf6 6. Re1 Be7 7. c3 O-O 8. Ba4 Na5 9. Bc2 c5 10. d4 cxd4 11. cxd4 Nc6 12. Nc3 a6 13. Be3 Qe8 14. Rc1 Rc8 15. Na4 exd4 16. Bxd4 Nxd4 17. Qxd4 Rxc2 18. Rxc2 Bxa4 19. Rc7 Bc6 20. e5 dxe5 21. Rxe5 Nd5 22. Rxd5 Bf6 23. Qc5 Bxd5 24. Qxd5 b5 25. Ra7 Qc8 26. b3 h6 27. g4 Bc3 28. Kg2 Ba5 29. Ne5 Bc7 30. Nc6 Re8 31. Qc5 Bd8 32. Re7 Rf8 33. Qd5 Kh8 34. Nxd8 Rxd8 35. Qxf7 Qc6+ 36. Kg3 Qd6+ 37. Kh4 Qd4 38. Re8+ Rxe8 39. Qxe8+ Kh7 40. Qf8 Qe5 41. Qf5+ Qxf5 42. gxf5 Kg8 43. Kg4 Kf7 44. Kf4 Kf6 45. b4 h5 46. h4 g6 47. fxg6 Kxg6 48. Ke5 Kf7 49. Kf5 Kg7 50. Kg5 Kf7 51. Kxh5 1-0

[Event "NB2 Szechenyi csoport"]
[Site "Szombathely"]
[Date "2024.12.01"]
[Round "3.8"]
[White "Marton, Zoltan"]
[Black "Toth, Balazs"]
[Result "1-0"]
[WhiteElo "1717"]
[BlackElo "1880"]
[PlyCount "75"]
[GameId "2120089537753838"]
[EventDate "2024.11.03"]
[EventType "team-tourn"]
[EventRounds "11"]
[EventCountry "HUN"]
[Source "chess.hu"]
[WhiteTeam "Arboretum Hereny SE"]
[BlackTeam "Szechenyi ESE Gyor"]
[WhiteTeamCountry "HUN"]
[BlackTeamCountry "HUN"]

1. e4 c5 2. Nf3 g6 3. Nc3 Bg7 4. Bc4 e6 5. O-O Ne7 6. d4 cxd4 7. Nb5 O-O 8. Bf4 Na6 9. Bd6 Re8 10. e5 f6 11. Re1 b6 12. Qxd4 Nc6 13. Qe3 Bb7 14. Rad1 Na5 15. Bd3 Nc6 16. Ba3 Ncb4 17. Nd6 Bxf3 18. Qxf3 Rf8 19. Bxa6 Nxa6 20. Nb7 Qc7 21. Bxf8 Rxf8 22. Nd6 fxe5 23. Qd3 Nc5 24. Qa3 a5 25. Qe3 Qc6 26. Ne4 Rf4 27. Nxc5 bxc5 28. g3 Rf5 29. Rd2 h5 30. c4 h4 31. Qe4 Qc7 32. Qxh4 Rh5 33. Qe7 Bf8 34. Qxd7 Qb6 35. Qe8 Rh7 36. Rxe5 Qb4 37. Qxg6+ Rg7 38. Qxe6+ 1-0

[Event "NB2 Szechenyi csoport"]
[Site "Szombathely"]
[Date "2024.12.01"]
[Round "3.10"]
[White "Szalay, Istvan"]
[Black "Vasenszky, Zoltan Gyorgy"]
[Result "0-1"]
[WhiteElo "1649"]
[BlackElo "1746"]
[PlyCount "77"]
[GameId "2120089632740110"]
[EventDate "2024.11.03"]
[EventType "team-tourn"]
[EventRounds "11"]
[EventCountry "HUN"]
[Source "chess.hu"]
[WhiteTeam "Arboretum Hereny SE"]
[BlackTeam "Szechenyi ESE Gyor"]
[WhiteTeamCountry "HUN"]
[BlackTeamCountry "HUN"]

1. e4 e6 2. d4 d5 3. exd5 exd5 4. Nf3 Nf6 5. Nc3 c6 6. h3 Be7 7. Bd3 O-O 8. O-O Qc7 9. Be3 Be6 10. a3 Bd6 11. Qd2 Nbd7 12. Ng5 Rfe8 13. f4 Nb6 14. b3 a6 15. Qf2 h6 16. Nxe6 Rxe6 17. f5 Re7 18. Bf4 Nh5 19. Bxd6 Qxd6 20. a4 Rae8 21. Rae1 Qb4 22. Rxe7 Rxe7 23. Ne2 Nf6 24. c3 Qxb3 25. Rb1 Qxa4 26. Rxb6 Qd1+ 27. Kh2 Qxd3 28. Rb2 Ne4 29. Qf4 Nxc3 30. Nc1 Qe4 31. Qd6 Nb5 32. Qb8+ Re8 33. Qxb7 Qf4+ 34. g3 Qxc1 35. Rf2 Qe1 36. Kg2 Re2 37. Qb8+ Kh7 38. Qf4 Rxf2+ 39. Qxf2 0-1

[Event "NB2 Szechenyi csoport"]
[Site "Szombathely"]
[Date "2024.12.01"]
[Round "3.11"]
[White "Bencsics, Benedek"]
[Black "Bardics, Mirko Janos"]
[Result "1-0"]
[WhiteElo "1729"]
[BlackElo "1580"]
[PlyCount "81"]
[GameId "2120089673917214"]
[EventDate "2024.11.03"]
[EventType "team-tourn"]
[EventRounds "11"]
[EventCountry "HUN"]
[Source "chess.hu"]
[WhiteTeam "Szechenyi ESE Gyor"]
[BlackTeam "Arboretum Hereny SE"]
[WhiteTeamCountry "HUN"]
[BlackTeamCountry "HUN"]

1. e4 c6 2. d4 d5 3. exd5 cxd5 4. Bd3 Nf6 5. c3 Nc6 6. Bf4 Bg4 7. Ne2 e6 8. f3 Bh5 9. O-O Bd6 10. Bg3 Bg6 11. Na3 a6 12. Nc2 O-O 13. Bh4 Be7 14. Ne3 Nd7 15. Bxe7 Qxe7 16. f4 Bxd3 17. Qxd3 f5 18. Ng3 Nf6 19. Rae1 Ne4 20. a3 b5 21. Nxe4 fxe4 22. Qe2 g6 23. Ng4 Qg7 24. a4 Rab8 25. axb5 axb5 26. Ra1 h5 27. Ne5 Nxe5 28. fxe5 Qe7 29. g4 hxg4 30. Qxg4 Kg7 31. h4 Rxf1+ 32. Rxf1 Rf8 33. Rxf8 Kxf8 34. Qxg6 Qg7 35. Qxg7+ Kxg7 36. Kf2 Kg6 37. Ke3 Kh5 38. b3 Kxh4 39. c4 dxc4 40. bxc4 b4 41. Kxe4 1-0

[Event "NB2 Szechenyi csoport"]
[Site "Szombathely"]
[Date "2024.12.01"]
[Round "3.12"]
[White "Bolla, Akos"]
[Black "Menczel-Kiss, Nandor"]
[Result "0-1"]
[WhiteElo "1434"]
[BlackElo "1666"]
[PlyCount "78"]
[GameId "2120089712014126"]
[EventDate "2024.11.03"]
[EventType "team-tourn"]
[EventRounds "11"]
[EventCountry "HUN"]
[Source "chess.hu"]
[WhiteTeam "Arboretum Hereny SE"]
[BlackTeam "Szechenyi ESE Gyor"]
[WhiteTeamCountry "HUN"]
[BlackTeamCountry "HUN"]

1. e4 c5 2. Nf3 a6 3. d4 cxd4 4. Nxd4 Nf6 5. Nc3 e5 6. Nb3 Bb4 7. Bd2 O-O 8. f3 d6 9. Qe2 Qe7 10. O-O-O Be6 11. Nd5 Nxd5 12. exd5 Bxd2+ 13. Qxd2 Bf5 14. g4 Bg6 15. h4 Rc8 16. Bd3 Bxd3 17. Qxd3 Nd7 18. g5 Nc5 19. Nxc5 Rxc5 20. Rdg1 Rac8 21. Rg2 Qd7 22. h5 Qa4 23. a3 Qc4 24. Qxc4 Rxc4 25. Rhh2 Rf4 26. Rh3 Rd4 27. Rd2 Rxd2 28. Kxd2 Rc5 29. h6 Rxd5+ 30. Ke3 Rc5 31. Kd3 g6 32. Rh2 Kf8 33. Rd2 Rd5+ 34. Ke3 Rxd2 35. Kxd2 Ke7 36. Ke3 Ke6 37. Ke4 d5+ 38. Ke3 Kf5 39. Kf2 Kxg5 0-1

[Event "NB2 Szechenyi csoport"]
[Site "Szombathely"]
[Date "2024.12.15"]
[Round "4.1"]
[White "Ori, Tamas"]
[Black "Joo, Gabor"]
[Result "0-1"]
[WhiteElo "1925"]
[BlackElo "1937"]
[PlyCount "106"]
[GameId "2123407162067987"]
[EventDate "2024.11.03"]
[EventType "team-tourn"]
[EventRounds "11"]
[EventCountry "HUN"]
[Source "chess.hu"]
[WhiteTeam "Arboretum Hereny SE"]
[BlackTeam "Haladas VSE"]
[WhiteTeamCountry "HUN"]
[BlackTeamCountry "HUN"]

1. e4 c5 2. Nf3 d6 3. c3 Nf6 4. Be2 Nc6 5. Qc2 Bg4 6. h3 Bxf3 7. Bxf3 g6 8. O-O Bg7 9. d4 cxd4 10. cxd4 Nxd4 11. Qa4+ Nd7 12. Bg4 b5 13. Bxd7+ Qxd7 14. Qd1 O-O 15. Be3 Nc6 16. Nc3 b4 17. Na4 Rfd8 18. Rc1 Rac8 19. Qd2 Qe6 20. Qd5 Qxd5 21. exd5 Nd4 22. Bxd4 Bxd4 23. Rfd1 Bf6 24. g3 Kf8 25. Kg2 Ke8 26. f4 Kd7 27. Kf3 Rxc1 28. Rxc1 Rc8 29. Rxc8 Kxc8 30. g4 Kb7 31. Ke4 Ka6 32. g5 Bg7 33. b3 Kb7 34. Kd3 e6 35. Ke4 Ba1 36. Ke3 exd5 37. Ke2 d4 38. Kd3 d5 39. Kc2 Kc7 40. Kd3 Kd6 41. Ke2 Ke6 42. Nc5+ Kf5 43. Kf3 Bc3 44. h4 Bd2 45. Nd3 a5 46. Ne5 Bxf4 47. Nd3 Bd6 48. Nf2 Be7 49. Ng4 f6 50. Nh6+ Ke6 51. Kf4 fxg5+ 52. hxg5 d3 53. Kg4 Bc5 0-1

[Event "NB2 Szechenyi csoport"]
[Site "Szombathely"]
[Date "2024.12.15"]
[Round "4.2"]
[White "Varga, Tibor"]
[Black "Foki, Robert"]
[Result "1-0"]
[WhiteElo "2026"]
[BlackElo "1749"]
[PlyCount "106"]
[GameId "2123407225900067"]
[EventDate "2024.11.03"]
[EventType "team-tourn"]
[EventRounds "11"]
[EventCountry "HUN"]
[Source "chess.hu"]
[WhiteTeam "Haladas VSE"]
[BlackTeam "Arboretum Hereny SE"]
[WhiteTeamCountry "HUN"]
[BlackTeamCountry "HUN"]

1. d4 d5 2. Bf4 Nf6 3. Nc3 c6 4. f3 Nh5 5. Bg3 Nxg3 6. hxg3 Qd6 7. Kf2 e5 8. e3 Bf5 9. g4 Bg6 10. Bd3 Nd7 11. Nge2 h5 12. a3 h4 13. b4 a6 14. g5 f5 15. gxf6 Qxf6 16. Bxg6+ Qxg6 17. e4 dxe4 18. Nxe4 O-O-O 19. Qe1 exd4 20. Nxd4 Nf6 21. Nb3 Nxe4+ 22. Qxe4 Qg3+ 23. Kf1 Bd6 24. Qf5+ Kb8 25. Rh3 Qe5 26. Qxe5 Bxe5 27. Re1 Bf6 28. f4 Rhe8 29. Rhe3 Rxe3 30. Rxe3 Kc7 31. Ke2 Rd5 32. Nc5 a5 33. Ne4 Bd8 34. Rd3 axb4 35. axb4 Rf5 36. Nc5 Kc8 37. Ne6 Bf6 38. Kf3 Rh5 39. Kg4 Rd5 40. Rxd5 cxd5 41. Kf5 b5 42. Nc5 Bc3 43. Ke6 Bxb4 44. Kxd5 g6 45. Kc6 Bd2 46. Ne6 b4 47. Kd6 Kb7 48. Ke5 Bc3+ 49. Ke4 Bf6 50. Nf8 g5 51. Nh7 g4 52. Nxf6 h3 53. gxh3 gxh3 1-0

[Event "NB2 Szechenyi csoport"]
[Site "Szombathely"]
[Date "2024.12.15"]
[Round "4.3"]
[White "Gabor, Attila"]
[Black "Barasits, Balint"]
[Result "0-1"]
[WhiteElo "1843"]
[BlackElo "1947"]
[PlyCount "78"]
[GameId "2123407271033907"]
[EventDate "2024.11.03"]
[EventType "team-tourn"]
[EventRounds "11"]
[EventCountry "HUN"]
[Source "chess.hu"]
[WhiteTeam "Arboretum Hereny SE"]
[BlackTeam "Haladas VSE"]
[WhiteTeamCountry "HUN"]
[BlackTeamCountry "HUN"]

1. e4 g6 2. d4 Bg7 3. Nf3 d6 4. Be3 Nd7 5. c4 e5 6. Nc3 Ngf6 7. h3 O-O 8. Bd3 b6 9. Qc2 Bb7 10. O-O Re8 11. d5 Nh5 12. Qd2 Nc5 13. Be2 a5 14. Nh2 Nf6 15. f3 Qd7 16. Ng4 Nh5 17. Bh6 f5 18. Nh2 f4 19. Bxg7 Qxg7 20. Rf2 Kf7 21. Nf1 Red8 22. Kh2 g5 23. g3 Nf6 24. gxf4 exf4 25. Kg1 h5 26. Nh2 Rg8 27. Rg2 Bc8 28. h4 Qh6 29. Kf2 g4 30. Ke1 Re8 31. fxg4 hxg4 32. Nxg4 Bxg4 33. Bxg4 Qxh4+ 34. Kd1 Nxg4 35. Qxf4+ Qf6 36. Qxg4 Rg8 37. Qe2 Rae8 38. Kc2 Rxg2 39. Qxg2 Rh8 0-1

[Event "NB2 Szechenyi csoport"]
[Site "Szombathely"]
[Date "2024.12.15"]
[Round "4.4"]
[White "Toth, Tibor"]
[Black "Marton, Zoltan"]
[Result "1-0"]
[WhiteElo "2001"]
[BlackElo "1717"]
[PlyCount "83"]
[GameId "2123407310535747"]
[EventDate "2024.11.03"]
[EventType "team-tourn"]
[EventRounds "11"]
[EventCountry "HUN"]
[Source "chess.hu"]
[WhiteTeam "Haladas VSE"]
[BlackTeam "Arboretum Hereny SE"]
[WhiteTeamCountry "HUN"]
[BlackTeamCountry "HUN"]

1. d4 Nf6 2. Nc3 e6 3. Bf4 Bb4 4. Qd3 d5 5. O-O-O O-O 6. a3 Bxc3 7. Qxc3 Ne4 8. Qe1 b6 9. f3 Nd6 10. e4 Bb7 11. Bd3 c5 12. dxc5 bxc5 13. exd5 exd5 14. Qg3 Ne8 15. Qh3 g6 16. Qh6 Nd7 17. h4 Qf6 18. h5 Qg7 19. hxg6 fxg6 20. Qh4 c4 21. Bh6 Qf7 22. Bxg6 Qxg6 23. Rh3 Kf7 24. Rg3 Qf6 25. Qh5+ Ke6 26. Qh3+ Kd6 27. Bxf8+ Nxf8 28. Ne2 Ng7 29. Nc3 Qf4+ 30. Kb1 Nfe6 31. Rg4 Qf5 32. Qg3+ Kc5 33. Rxg7 Bc6 34. Rg8 Nd4 35. Ne4+ Kb6 36. Rxa8 Bxa8 37. Qd6+ Nc6 38. Rxd5 Qf7 39. a4 a5 40. Rh5 Ka7 41. Qc5+ Ka6 42. Qb5+ 1-0

[Event "NB2 Szechenyi csoport"]
[Site "Szombathely"]
[Date "2024.12.15"]
[Round "4.5"]
[White "Kiss, Laszlo"]
[Black "Hajdu, Istvan"]
[Result "1/2-1/2"]
[WhiteElo "1816"]
[BlackElo "1826"]
[PlyCount "45"]
[GameId "2123407346605139"]
[EventDate "2024.11.03"]
[EventType "team-tourn"]
[EventRounds "11"]
[EventCountry "HUN"]
[Source "chess.hu"]
[WhiteTeam "Arboretum Hereny SE"]
[BlackTeam "Haladas VSE"]
[WhiteTeamCountry "HUN"]
[BlackTeamCountry "HUN"]

1. e4 c6 2. Nf3 d5 3. exd5 cxd5 4. d4 Bg4 5. Be2 e6 6. Ne5 Bxe2 7. Qxe2 Qb6 8. c3 Nf6 9. Nd2 Nc6 10. Ndf3 Ne4 11. O-O f6 12. Nxc6 Qxc6 13. Nd2 Nxd2 14. Bxd2 Kf7 15. Rfe1 Re8 16. Qf3 h5 17. Re5 g6 18. Rae1 Bd6 19. R5e2 b5 20. Bg5 f5 21. Bf4 Bxf4 22. Qxf4 Re7 23. h4 1/2-1/2